000 00342nam a22001217a 4500
005 20170824155920.0
008 170824b xxu||||| |||| 00| 0 eng dVD
041 _aeng
245 _aWeb Technology With Advanced Java
_h[electronic resource]
260 _bUniversity Science Press
300 _a1 CD-ROM
_eReceived along with book.
942 _cCD
999 _c5540
_d5538